Estadísticas para Club 50-40-90 de la NBA

Haz click aquí para intentar la prueba.

Estadísticas generales

  • Esta prueba ha sido intentada 102 veces
  • La puntuación promedio es 5 de 9

Estadísticas de respuestas

# VecesJugador% Correcto
1Stephen Curry
95%
2Kevin Durant
70%
2Larry Bird
70%
4Steve Nash
61%
1Dirk Nowitzki
52%
1Kyrie Irving
52%
1Reggie Miller
41%
1Malcolm Brogdon
27%
1Mark Price
16%

Distribución de puntuación

Porcentaje por número respondido

Porcentaje de gente con cada puntuación

Historial de tus puntuaciones

No has intentado esta prueba.